000 00301 a2200109 4500
001 ART_41263
005 20260410161741.0
008 260409a
245 1 0 _aEl modelo sindical en crisis
100 1 _aSlavin, Luis P.
773 0 _tDoctrina laboral
_g- NÂș 378 (feb. 2017)
_wREV4049
999 _c18803
_d18803